00878nam a2200229 a 450000100100000000500170001000800410002704000250006808200200009310000370011324500760015026000380022630000280026450000490029259000260034165000340036765000370040170000370043891000380047595201180051399900170063100001239220200929163022.0091112s1984 dr a 001 f spa d aDO-SdBNPbspacBNPHU aPR863.44bG241s1 aGarrido Carrascon, José92908710aSol en la noche /cJosé Garrido Carrascon ; prólogo Pedro J. Duque. aSanto Domingo :bCorripio,c1984. a230 p. :bil. ;c23 cm. aEn la portada aparece Guaynabo, Puerto Rico. aInventariado, 2020/BT 4aNovela puertorriqueña91185 4aLiteratura puertorriqueña92501 aDuque, Pedro J.,epról.929088 aValidado. Control de calidad EMS. 0010718PDaPDbPDcHDd2009-11-18iLF1l0oPR863.44 G241sp12392-10r2020-06-25w2020-06-25yLFPDZNo se presta c12049d12049